Statistics for Hangover quiz

Click here to take the quiz!

General Stats

  • This quiz has been taken 344 times
  • The average score is 5 of 9

Answer Stats

HintAnswer% Correct
Famous boxerMike tyson
91%
HandsomPhil
77%
Dr. fagotStu
76%
GroomDoug
72%
BabyCarlos
64%
fat j3susAllen
51%
Who first found the tigerAllen
51%
Asian dudeLeslie chow
30%
what can come back from vegasherpise
1%

Score Distribution

Percentile by Number Answered

Percent of People with Each Score

Your Score History

You have not taken this quiz